FONT OFFICE MANAGEMENT (Record no. 8035)

MARC details
000 -LEADER
fixed length control field 00342nam a22001577a 4500
020 ## - INTERNATIONAL STANDARD BOOK NUMBER
International Standard Book Number 81-8204-012-4
082 ## - DEWEY DECIMAL CLASSIFICATION NUMBER
Classification number 658.3
Item number SIN
100 ## - MAIN ENTRY--PERSONAL NAME
Personal name SINGH, R.K
245 ## - TITLE STATEMENT
Title FONT OFFICE MANAGEMENT
250 ## - EDITION STATEMENT
Edition statement 1ST
260 ## - PUBLICATION, DISTRIBUTION, ETC. (IMPRINT)
Place of publication, distribution, etc DELHI
Name of publisher, distributor, etc AMAN
Year of Publication 2010
300 ## - PAGE DESCRIPTION
No. of Pages 255
650 ## - SUBJECT ADDED ENTRY--TOPICAL TERM
Topical term or geographic name as entry element OFFICE MANAGEMENT
653 ## - KEYWORDS--INDEX TERM
Keyword term OFFICE, FRONT
942 ## - ADDED ENTRY ELEMENTS (KOHA)
Source of classification or shelving scheme Dewey Decimal Classification
Koha item type Books
942 ## - ADDED ENTRY ELEMENTS (KOHA)
-- 4
Holdings
Withdrawn status Lost status Source of classification or shelving scheme Damaged status Not for loan Collection code Home library Current library Shelving location Date acquired Vendor Name Cost, normal purchase price SGTU Bill Number Total Checkouts Full call number Accession No. (Barcode) Date last seen Date last borrowed Bill Date Koha item type
    Dewey Decimal Classification     HOTEL MANAGEMENT SGT Science & Social Sciences Library SGT Science & Social Sciences Library Text Book 09/10/2015 JINDAL BOOK SERVICE 650.00 SGTU 1775 1 658.3 SIN HM341 10/05/2023 24/04/2023 07/09/2015 Books
    Dewey Decimal Classification     HOTEL MANAGEMENT SGT Science & Social Sciences Library SGT Science & Social Sciences Library Text Book 09/10/2015 JINDAL BOOK SERVICE 650.00 SGTU 1775   658.3 SIN HM342 09/10/2015   07/09/2015 Books
    Dewey Decimal Classification     HOTEL MANAGEMENT SGT Science & Social Sciences Library SGT Science & Social Sciences Library Text Book 09/10/2015 JINDAL BOOK SERVICE 650.00 SGTU 1775   658.3 SIN HM343 09/10/2015   07/09/2015 Books
    Dewey Decimal Classification     HOTEL MANAGEMENT SGT Science & Social Sciences Library SGT Science & Social Sciences Library Text Book 09/10/2015 JINDAL BOOK SERVICE 650.00 SGTU 1775 3 658.3 SIN HM344 26/09/2022 26/09/2022 07/09/2015 Books
    Dewey Decimal Classification     HOTEL MANAGEMENT SGT Science & Social Sciences Library SGT Science & Social Sciences Library Text Book 09/10/2015 JINDAL BOOK SERVICE 650.00 SGTU 1775 2 658.3 SIN HM345 11/12/2018 06/12/2018 07/09/2015 Books